000 00321pab a2200133 454500
008 180718b1996 xxu||||| |||| 00| 0 eng d
245 _aGRASSROOTS governance - perspectives on panchayati raj
260 _c1996
300 _ap.3-131
362 _aMar
650 _aPanchayat
773 _aSocial Change
909 _a43024
999 _c43024
_d43024